[Event "TUR Cup"]
[Site "Antalya"]
[Date "2020.01.31"]
[Round "9"]
[White "Kara, Yanki"]
[Black "Sar, Can"]
[Result "1-0"]
[WhiteElo "2175"]
[BlackElo "1891"]
[PlyCount "83"]
[EventDate "2020.01.26"]
[EventType "swiss"]
[EventRounds "11"]
[EventCountry "TUR"]
[SourceTitle "CBM 194 Extra"]
[Source "ChessBase"]
[SourceDate "2020.03.31"]
[SourceVersion "1"]
[SourceVersionDate "2020.03.31"]
[SourceQuality "1"]

1. e4 c5 2. b3 e6 3. Bb2 Nc6 4. Nf3 a6 5. g3 Qc7 6. Bg2 Nf6 7. e5 Ng4 8. Qe2 Nh6 9. 0-0 Be7 10. Re1 0-0 11. c3 b5 12. d4 cxd4 13. cxd4 Bb7 14. d5 exd5 15. Nc3 Nb4 16. Rad1 Nf5 17. a3 d4 18. Nxd4 Nxd4 19. Rxd4 Bxg2 20. Kxg2 Nc6 21. Nd5 Qb7 22. Qf3 Rae8 23. Rg4 g6 24. Kg1 Bd8 25. Qc3 Re6 26. Nf4 b4 27. axb4 Be7 28. Nxe6 dxe6 29. Qf3 Qb5 30. Qe2 Qb6 31. Rc4 Nxb4 32. Ba3 Nd5 33. Bxe7 Nxe7 34. Qe3 Qb7 35. Rec1 Nd5 36. Qh6 Re8 37. Rh4 Qxb3 38. Qxh7+ Kf8 39. Rhc4 Qb8 40. Qh6+ Ke7 41. Qg5+ Kf8 42. Rh4 1-0

[Event "TUR Cup"]
[Site "Antalya"]
[Date "2020.01.30"]
[Round "7"]
[White "Sar, Can"]
[Black "Baylav, Can"]
[Result "1-0"]
[WhiteElo "1891"]
[BlackElo "2176"]
[PlyCount "77"]
[EventDate "2020.01.26"]
[EventType "swiss"]
[EventRounds "11"]
[EventCountry "TUR"]
[SourceTitle "CBM 194 Extra"]
[Source "ChessBase"]
[SourceDate "2020.03.31"]
[SourceVersion "1"]
[SourceVersionDate "2020.03.31"]
[SourceQuality "1"]

1. d4 Nf6 2. c4 b6 3. Nc3 Bb7 4. Nf3 e6 5. Bf4 Bb4 6. Qb3 Bxc3+ 7. Qxc3 Ne4 8. Qc2 d6 9. Nd2 f5 10. f3 Nxd2 11. Bxd2 0-0 12. 0-0-0 b5 13. e3 Qe7 14. Kb1 bxc4 15. Bxc4 d5 16. Bd3 Rc8 17. g4 c5 18. dxc5 Rxc5 19. Bc3 Nc6 20. gxf5 e5 21. f6 gxf6 22. Rhg1+ Kh8 23. Qf2 Rxc3 24. bxc3 e4 25. fxe4 dxe4 26. Bc4 Rb8 27. Qg3 Qf8 28. Bb3 Ne5 29. Rd6 h6 30. Qf4 Bd5 31. Rxf6 Nf7 32. Kc2 Bxb3+ 33. axb3 Rb7 34. Rfg6 Rb6 35. Rxb6 axb6 36. Qf6+ Kh7 37. Qg6+ Kh8 38. Rf1 Qg7 39. Qxf7 1-0

[Event "TUR Cup"]
[Site "Antalya"]
[Date "2020.01.29"]
[Round "6"]
[White "Ozsarilar, Osman Nuri"]
[Black "Sar, Can"]
[Result "0-1"]
[WhiteElo "1724"]
[BlackElo "1891"]
[PlyCount "136"]
[EventDate "2020.01.26"]
[EventType "swiss"]
[EventRounds "11"]
[EventCountry "TUR"]
[SourceTitle "CBM 194 Extra"]
[Source "ChessBase"]
[SourceDate "2020.03.31"]
[SourceVersion "1"]
[SourceVersionDate "2020.03.31"]
[SourceQuality "1"]

1. e4 c5 2. Nf3 g6 3. d4 cxd4 4. Nxd4 Bg7 5. Be3 Nc6 6. Nc3 Nf6 7. f3 0-0 8. Bc4 Qb6 9. Bb3 Nxe4 10. Nxe4 Bxd4 11. Bxd4 Qxd4 12. Qxd4 Nxd4 13. 0-0-0 Nxb3+ 14. axb3 d6 15. h4 h6 16. Rhe1 Be6 17. g4 Rac8 18. Rd3 Rfe8 19. Rde3 Kf8 20. Nf2 a5 21. Kd2 Ra8 22. Nd3 Bd7 23. Nf4 Bc6 24. c4 b6 25. Nd3 Rac8 26. h5 g5 27. f4 f6 28. fxg5 hxg5 29. Rf1 Kg7 30. Ne1 e5 31. Nc2 d5 32. Ref3 Re6 33. cxd5 Bxd5 34. Rg3 Be4 35. Rc3 Rd6+ 36. Kc1 Rdc6 37. Kd2 Rd8+ 38. Kc1 Rxc3 39. bxc3 Rd3 40. h6+ Kxh6 41. Re1 Bg6 42. Re3 Rxe3 43. Nxe3 Bf7 44. c4 Kg7 45. Kc2 Kf8 46. Kc3 Ke7 47. b4 axb4+ 48. Kxb4 Kd6 49. Kb5 Kc7 50. Nf5 Be8+ 51. Kb4 Bd7 52. Ne3 Be6 53. Kb5 Kb7 54. Kb4 Kc6 55. Kc3 Kc5 56. Kd3 Bf7 57. Kc3 e4 58. Nf1 Bxc4 59. Ng3 Bd5 60. Nh5 b5 61. Nxf6 b4+ 62. Kc2 Kd4 63. Nh5 b3+ 64. Kc1 Kc3 65. Ng3 e3 66. Kb1 Bf3 67. Kc1 b2+ 68. Kb1 Kb3 0-1

[Event "TUR Cup"]
[Site "Antalya"]
[Date "2020.01.28"]
[Round "4"]
[White "Tarlabasi, Emirhan"]
[Black "Sar, Can"]
[Result "1-0"]
[WhiteElo "2274"]
[BlackElo "1891"]
[PlyCount "103"]
[EventDate "2020.01.26"]
[EventType "swiss"]
[EventRounds "11"]
[EventCountry "TUR"]
[SourceTitle "CBM 194 Extra"]
[Source "ChessBase"]
[SourceDate "2020.03.31"]
[SourceVersion "1"]
[SourceVersionDate "2020.03.31"]
[SourceQuality "1"]

1. d4 Nf6 2. c4 e6 3. Nc3 d5 4. Nf3 a6 5. cxd5 exd5 6. Bg5 Be6 7. Qb3 Nbd7 8. e3 b5 9. Qc2 c5 10. dxc5 Bxc5 11. Bd3 Rc8 12. a3 h6 13. Bh4 0-0 14. 0-0 Re8 15. h3 Qb6 16. Qd2 Be7 17. b4 Rcd8 18. Qc2 Rc8 19. Qb2 Ne4 20. Bxe7 Nxc3 21. Rac1 Na4 22. Qb1 Nc3 23. Qa1 Ne4 24. Rxc8 Rxc8 25. Qd4 Qxd4 26. Nxd4 Nd2 27. Rd1 Nc4 28. Bf5 Bxf5 29. Nxf5 Ndb6 30. Bc5 Rd8 31. e4 d4 32. Ne7+ Kh7 33. Nd5 Na4 34. Bxd4 Nxa3 35. Rd3 Nc2 36. Be5 Re8 37. f4 f6 38. Bxf6 Rxe4 39. Rg3 g6 40. Be5 Re1+ 41. Kh2 g5 42. h4 Rd1 43. Nf6+ Kg6 44. hxg5 hxg5 45. Rxg5+ Kf7 46. Ne4 Nxb4 47. f5 Nc6 48. Rg7+ Kf8 49. Bf6 b4 50. Rc7 Rc1 51. Bg7+ Ke8 52. f6 1-0

[Event "TUR-ch U13-U18"]
[Site "Antalya"]
[Date "2020.01.23"]
[Round "7"]
[White "Turkmen, Ataberk"]
[Black "Sar, Can"]
[Result "1/2-1/2"]
[WhiteElo "1896"]
[BlackElo "1891"]
[PlyCount "62"]
[EventDate "2020.01.19"]
[EventType "swiss"]
[EventRounds "11"]
[EventCountry "TUR"]
[SourceTitle "CBM 195 Extra"]
[Source "ChessBase"]
[SourceDate "2020.05.31"]
[SourceVersion "1"]
[SourceVersionDate "2020.05.31"]
[SourceQuality "1"]

1. e4 c5 2. Nc3 Nc6 3. Bc4 d6 4. f4 g6 5. Nf3 Bg7 6. 0-0 Nf6 7. d3 0-0 8. Qe1 Nd4 9. Bb3 e6 10. Nxd4 cxd4 11. Ne2 Qb6 12. Qh4 Nxe4 13. dxe4 d3+ 14. Kh1 dxe2 15. Re1 Qa6 16. Qf2 Bd7 17. Qxe2 Qxe2 18. Rxe2 Bc6 19. c3 Rfd8 20. Bd2 d5 21. e5 Bb5 22. Rf2 Rdc8 23. Be3 Bd3 24. Rd1 Be4 25. Bc2 Bxc2 26. Rxc2 b5 27. g4 a5 28. Kg2 a4 29. a3 Rc4 30. Bd4 Rac8 31. Rcd2 Bh6 1/2-1/2

[Event "TUR Cup"]
[Site "Antalya"]
[Date "2019.01.31"]
[Round "8"]
[White "Demir, Bilal"]
[Black "Sar, Can"]
[Result "1/2-1/2"]
[WhiteElo "2094"]
[BlackElo "1812"]
[PlyCount "92"]
[EventDate "2019.01.27"]
[EventType "swiss"]
[EventRounds "11"]
[EventCountry "TUR"]
[SourceTitle "CBM 188 Extra"]
[Source "ChessBase"]
[SourceDate "2019.02.26"]
[SourceVersion "1"]
[SourceVersionDate "2019.02.26"]
[SourceQuality "1"]

1. d4 Nf6 2. Nc3 d5 3. Bg5 Nbd7 4. Qd3 e6 5. e4 dxe4 6. Nxe4 Be7 7. Nxf6+ Nxf6 8. Nf3 0-0 9. Be2 h6 10. Be3 b6 11. Ne5 Bb7 12. f3 c5 13. dxc5 bxc5 14. Qxd8 Rfxd8 15. c4 Nd7 16. Nd3 Rac8 17. 0-0-0 e5 18. Nf2 Bg5 19. Bxg5 hxg5 20. Rd6 Nb8 21. Rhd1 Rxd6 22. Rxd6 Kf8 23. Ng4 Ke7 24. Rd2 Nd7 25. Ne3 g6 26. Bd3 Nf6 27. Bc2 Rd8 28. Rxd8 Kxd8 29. Kd2 Ke7 30. a3 Kd6 31. b4 Ng8 32. Be4 Bc8 33. Bd5 Nh6 34. b5 f5 35. a4 f4 36. Nd1 Nf5 37. Nf2 Ne3 38. Ne4+ Kc7 39. Nxg5 Nxd5 40. cxd5 Kd6 41. Kc3 Kxd5 42. a5 Bd7 43. b6 axb6 44. axb6 Kc6 45. Nf7 Kxb6 46. Nxe5 Bf5 1/2-1/2

[Event "TUR Cup"]
[Site "Antalya"]
[Date "2019.01.30"]
[Round "5"]
[White "Sar, Can"]
[Black "Kizilkus, Tanju"]
[Result "1-0"]
[WhiteElo "1812"]
[BlackElo "1585"]
[PlyCount "21"]
[EventDate "2019.01.27"]
[EventType "swiss"]
[EventRounds "11"]
[EventCountry "TUR"]
[SourceTitle "CBM 188 Extra"]
[Source "ChessBase"]
[SourceDate "2019.02.26"]
[SourceVersion "1"]
[SourceVersionDate "2019.02.26"]
[SourceQuality "1"]

1. e4 e5 2. Nf3 Nc6 3. Bb5 a6 4. Ba4 Nf6 5. d4 exd4 6. 0-0 b5 7. Bb3 Be7 8. e5 Ne4 9. Bd5 Ng5 10. Nxg5 Bxg5 11. Qh5 1-0

[Event "Troya op 26th"]
[Site "Canakkale"]
[Date "2018.08.09"]
[Round "6"]
[White "Sar, Can"]
[Black "Ince, Ali Emre"]
[Result "1-0"]
[WhiteElo "1786"]
[BlackElo "1569"]
[PlyCount "61"]
[EventDate "2018.08.06"]
[EventType "swiss"]
[EventRounds "9"]
[EventCountry "TUR"]
[SourceTitle "EXT 2019"]
[Source "ChessBase"]
[SourceDate "2018.10.10"]
[SourceVersion "1"]
[SourceVersionDate "2018.10.10"]
[SourceQuality "1"]

1. e4 c5 2. Nf3 e6 3. d4 cxd4 4. Nxd4 a6 5. Nc3 Qc7 6. g3 b5 7. a3 Nf6 8. Bg2 Bb7 9. Bd2 d6 10. 0-0 Nbd7 11. Nb3 Ne5 12. Qe2 Be7 13. f4 Nc4 14. Rab1 0-0 15. g4 g6 16. f5 exf5 17. gxf5 Qb6+ 18. Kh1 a5 19. Nd5 Nxd5 20. exd5 Rfe8 21. fxg6 hxg6 22. Qf3 Ne5 23. Qf4 Bf8 24. Bc3 Qc7 25. Rbe1 Bg7 26. Nd2 Rad8 27. Ne4 Re7 28. Nf6+ Bxf6 29. Qxf6 Bc8 30. Re4 Bg4 31. Rxg4 1-0

[Event "Troya op 26th"]
[Site "Canakkale"]
[Date "2018.08.08"]
[Round "4"]
[White "Sar, Can"]
[Black "Kurt, Murat"]
[Result "1-0"]
[WhiteElo "1786"]
[BlackElo "1594"]
[PlyCount "69"]
[EventDate "2018.08.06"]
[EventType "swiss"]
[EventRounds "9"]
[EventCountry "TUR"]
[SourceTitle "EXT 2019"]
[Source "ChessBase"]
[SourceDate "2018.10.10"]
[SourceVersion "1"]
[SourceVersionDate "2018.10.10"]
[SourceQuality "1"]

1. e4 c6 2. d4 d5 3. e5 Bf5 4. Nf3 e6 5. Be2 Nd7 6. 0-0 c5 7. Be3 Ne7 8. Nbd2 Nc6 9. c4 Qb6 10. Nb3 dxc4 11. Bxc4 Be7 12. Qe2 Qc7 13. Rac1 a6 14. dxc5 Ndxe5 15. Bf4 Nxf3+ 16. Qxf3 Qc8 17. Bd6 0-0 18. Rfd1 a5 19. Bb5 Re8 20. Bxc6 Bg4 21. Qxg4 Qxc6 22. Bxe7 Rxe7 23. Rd6 Qc7 24. Nd4 Rd8 25. Rxd8+ Qxd8 26. Nb5 Rd7 27. Nc3 Qc8 28. Rd1 Rc7 29. Qd4 Kf8 30. Qd8+ Qxd8 31. Rxd8+ Ke7 32. Rb8 Rxc5 33. Rxb7+ Ke8 34. Kf1 h5 35. Rb5 1-0

[Event "Troya op 26th"]
[Site "Canakkale"]
[Date "2018.08.07"]
[Round "3"]
[White "Tepeli, Huseyin"]
[Black "Sar, Can"]
[Result "0-1"]
[WhiteElo "1574"]
[BlackElo "1786"]
[PlyCount "82"]
[EventDate "2018.08.06"]
[EventType "swiss"]
[EventRounds "9"]
[EventCountry "TUR"]
[SourceTitle "EXT 2019"]
[Source "ChessBase"]
[SourceDate "2018.10.10"]
[SourceVersion "1"]
[SourceVersionDate "2018.10.10"]
[SourceQuality "1"]

1. e4 c5 2. Nf3 g6 3. d4 cxd4 4. Nxd4 Bg7 5. Be3 Nf6 6. Nc3 Nc6 7. Be2 0-0 8. 0-0 d5 9. exd5 Nb4 10. d6 Qxd6 11. Ncb5 Qd8 12. c4 a6 13. Nc3 Qc7 14. a3 Nc6 15. Rc1 Rd8 16. Nd5 Nxd5 17. cxd5 Rxd5 18. Bf3 Rd6 19. Bxc6 bxc6 20. Qa4 Bd7 21. Rc5 Qb7 22. b3 e5 23. Nf3 Rd5 24. Rfc1 Rb8 25. b4 Be8 26. Qc2 Rbd8 27. h3 Rxc5 28. Bxc5 Qb5 29. Rd1 Rd5 30. a4 Qb7 31. Rxd5 cxd5 32. Qe2 e4 33. Nd2 Bxa4 34. f3 Bb5 35. Qe3 f5 36. g4 Qf7 37. g5 f4 38. Qb3 e3 39. Nb1 Qf5 40. h4 Bc4 41. Qd1 Qd3 0-1